| 000 -ლიდერი |
| ფიქსირებული სიგრძის საკონტროლო ველი |
02443nam a2200361Ia 4500 |
| 001 - საკონტროლო ნომერი |
| საკონტროლო ველი |
22097 |
| 003 - საკონტროლო ნომრის იდენტიფიკატორი |
| საკონტროლო ველი |
GE_BSU |
| 005 - ბოლო ოპერაციის თარიღი და დრო |
| საკონტროლო ველი |
20221025124407.0 |
| 008 - ფიქსირებული სიგრძის მონაცემთა ელემენტები - ზოგადი ინფორმაცია |
| ფიქსირებული სიგრძის საკონტროლო ველი |
181216s ||||ge |||||||||||||| || || |
| 020 ## - წიგნის საერთაშორისო სტანდარტული ნომერი |
| International Standard Book Number |
9789941081392 |
| 040 ## - კატალოგიზაციის წყარო |
| Transcribing agency |
GE_BSU |
| 041 ## - ენის კოდი |
| Language code of text/sound track or separate title |
geo |
| 080 ## - უნივერსალური ათობითი კლასიფიკაციის ინდექსი |
| Universal Decimal Classification number |
821.353.1-141+27-534.5 დ-15 |
| 100 ## - მთავარი ჩანაწერი - პიროვნების სახელი |
| Personal name |
დავით IV აღმაშენებელი, 1073-1125 |
| 9 (RLIN) |
15527 |
| 245 ## - ცნობა სათაურის შესახებ |
| Title |
გალობანი სინანულისანი = Покаянный канон = Reuegesänge = The Canon of Repentance ; Prayers of Remorse = Cantiques pénitentiels = Cantico penitenziale = Kajicné Zpĕvy / |
| Statement of responsibility, etc |
დავით IV აღმაშენებელი, 1073-1125 ; წინასიტყვ. ავტორი ლაურა გრიგოლაშვილმა ; რედაქტორი გურამ თევზაძე ; მთარგმნელები : არსენ გოგეშვილი, ლალი ჯოხაძე, დოდონა კიზირია [და სხვ.]. |
| 264 ## - წარმოების, გამოცემის, დისტრიბუციის და სხვა ცნობები |
| გამოცემის, წარმოების, დისტრიბუციის... ადგილი |
თბილისი : |
| გამოცემის, წარმოების, დისტრიბუციის... სახელწოდება |
Carpe diem, |
| გამოცემის, წარმოების, დისტრიბუციის... თარიღი |
2015. |
| 300 ## - ფიზიკური აღწერა |
| Extent |
212 გვ. ; |
| Dimensions |
18 სმ. |
| 546 ## - LANGUAGE NOTE |
| Language note |
თავფურცელი და ტექსტი აგრეთვე რუსულ, გერმანულ, ინგლისურ, ფრანგულ, იტალიურ და ჩეხურ ენებზე |
| 653 ## - INDEX TERM--UNCONTROLLED |
| Uncontrolled term |
გალობანი სინანულისანი |
| 653 ## - INDEX TERM--UNCONTROLLED |
| Uncontrolled term |
გალობანი |
| 653 ## - INDEX TERM--UNCONTROLLED |
| Uncontrolled term |
რელიგია |
| 653 ## - INDEX TERM--UNCONTROLLED |
| Uncontrolled term |
ქართული ლიტერატურა |
| 653 ## - INDEX TERM--UNCONTROLLED |
| Uncontrolled term |
ქართული ფილოსოფიური ლირიკა |
| 653 ## - INDEX TERM--UNCONTROLLED |
| Uncontrolled term |
ქართული სასულიერი ლირიკა |
| 653 ## - INDEX TERM--UNCONTROLLED |
| Uncontrolled term |
ქრისტიანული ლიტერატურა |
| 700 ## - ADDED ENTRY--PERSONAL NAME |
| Personal name |
გრიგოლაშვილი, ლ. |
| Relator term |
წინასიტყვაობის ავტორი |
| 9 (RLIN) |
14532 |
| 700 ## - ADDED ENTRY--PERSONAL NAME |
| Personal name |
თევზაძე, გურამ |
| Relator term |
რედაქტორი |
| 9 (RLIN) |
15528 |
| 700 ## - ADDED ENTRY--PERSONAL NAME |
| Personal name |
გოგეშვილი, არსენ |
| Relator term |
მთარგმნელი |
| 9 (RLIN) |
15529 |
| 700 ## - ADDED ENTRY--PERSONAL NAME |
| Personal name |
ჯოხაძე, ლალი |
| Relator term |
მთარგმნელი |
| 9 (RLIN) |
15530 |
| 700 ## - ADDED ENTRY--PERSONAL NAME |
| Personal name |
კიზირია, დოდონა |
| Relator term |
მთარგმნელი |
| 9 (RLIN) |
15531 |
| 942 ## - ADDED ENTRY ELEMENTS (KOHA) |
| Koha item type |
წიგნი |
| Source of classification or shelving scheme |
|